00282nam a2200109Ia 4500008004100000100002000041245002500061260000900086300003400095440002400129650001900153180117s9999 xx 000 0 und d aby AA Patawaran aWrite Here Write Now c2017 a20-22 pages, 2017 February 19 aPhilippine Panorama aHAIKU HANDBOOK